Análisis: revista económica de Nicaragua /
Sábháilte in:
| Formáid: | LEABHAR |
|---|---|
| Teanga: | Spanish |
| Foilsithe / Cruthaithe: |
Managua, Nicaragua:
CODICE S.A,
1990-
|
| Ábhair: | |
| Clibeanna: |
Cuir clib leis
Níl clibeanna ann, Bí ar an gcéad duine le clib a chur leis an taifead seo!
|
MARC
| LEADER | 00000nam a22000007a 4500 | ||
|---|---|---|---|
| 003 | cru IIS | ||
| 005 | 20220425115433.0 | ||
| 007 | ta | ||
| 008 | 220425s1990 nq |||p|r|||| 00| 0 spa d | ||
| 040 | |c cru IIS | ||
| 090 | |a REV1164 | ||
| 245 | |a Análisis: |b revista económica de Nicaragua / |c CODICE | ||
| 260 | |a Managua, Nicaragua: |b CODICE S.A, |c 1990- | ||
| 500 | |a Ejemplar único en base Cepal | ||
| 500 | |a Colección Centroamérica | ||
| 650 | 0 | |9 413 |a PARTIDOS POLITICOS | |
| 650 | 0 | |9 306 |a ELECCIONES | |
| 650 | 4 | |9 1935 |a RECESION ECONOMICA | |
| 650 | 4 | |9 2667 |a INFLACION | |
| 650 | 4 | |9 1839 |a DEUDA EXTERNA | |
| 650 | 4 | |9 2655 |a POLITICA ECONOMICA | |
| 650 | 0 | |9 70 |a FUERZAS ARMADAS | |
| 650 | 0 | |9 378 |a GUERRA | |
| 650 | 4 | |9 1940 |a ESTABILIDAD POLITICA | |
| 650 | 4 | |9 3395 |a AYUDA ECONOMICA | |
| 651 | 0 | |9 1861 |a NICARAGUA | |
| 942 | |2 ddc |c PP | ||
| 999 | |c 44181 |d 44181 | ||
